Online Catalogue and eLibrary

Human rights and religions in Sri Lanka : (Record no. 556)

MARC details
000 -LEADER
fixed length control field 00545cam a2200169 a 4500
001 - CONTROL NUMBER
control field 2939336
005 - DATE AND TIME OF LATEST TRANSACTION
control field 20240307034315.0
008 - FIXED-LENGTH DATA ELEMENTS--GENERAL INFORMATION
fixed length control field 890810s1988 ce 000 0 eng
020 ## - INTERNATIONAL STANDARD BOOK NUMBER
ISBN 955905600X
040 ## - CATALOGING SOURCE (பட்டியலாக்க மூலம்)
Original cataloging agency DLC
Transcribing agency DLC
Modifying agency DLC
082 00 - DDC Classification
Class No. 323.4
DDC Edition Number 20
Item Number - Author Mark HUM.
245 00 - TITLE STATEMENT
Title Human rights and religions in Sri Lanka :
Remainder of title a commentary on the universal declaration of human rights.
260 ## - PUBLICATION, DISTRIBUTION, ETC.
Place of publication, distribution, etc. Colombo, Democratic Socialist Republic of Sri Lanka :
Name of publisher, distributor, etc. Sri Lanka Foundation,
Date of publication, distribution, etc. 1988.
300 ## - PHYSICAL DESCRIPTION
Extent (e.g. Volumes, Pages etc.) xxvi, 317 p. ;
650 #0 - SUBJECT ADDED ENTRY--TOPICAL TERM
Topical term or geographic name entry element Freedom of religion
942 ## - Koha item type (Biblio)
Koha item type Books in Stacks (Lending)
Holdings
Lost status Damaged status Collection code Home library Current library Date acquired Full call number Accession Number Item type
    Lending WERC Library WERC Library 03/07/2024 323.4 HUM. 1707 Books in Stacks (Lending)

© WERC Library